| 000 | 00487cam a2200193 4500 | ||
|---|---|---|---|
| 001 | D3104 | ||
| 008 | 090401t1983 xxu||||| |||| 00| 0 eng d | ||
| 035 | _a(Sirsi) u71856 | ||
| 041 | _aeng | ||
| 050 | _a658.202 | ||
| 100 | _aDell'isola, J. Alphonse | ||
| 245 | _aLife cycle cost data: with educational supplement | ||
| 260 |
_aNew York _bMcGraw-Hill Book Co _c1983 |
||
| 300 | _ax. 140p. 28cm | ||
| 350 | _a24.5 | ||
| 700 | _aKirk, Stephen J | ||
| 942 | _n0 | ||
| 948 | _c04/03/1997 | ||
| 999 |
_c95449 _d95449 |
||